La revolución digital y la evaluación : (Record no. 183280)
[ view plain ]
| 000 -CABECERA | |
|---|---|
| campo de control de longitud fija | 01915nab a2200313 a 4500 |
| 005 - FECHA Y HORA DE LA ÚLTIMA TRANSACCIÓN | |
| campo de control | 20210223132952.0 |
| 008 - ELEMENTOS DE LONGITUD FIJA--INFORMACIÓN GENERAL | |
| campo de control de longitud fija | 991125s1985 mx 000 0 spa u |
| 035 ## - NÚMERO DE CONTROL DEL SISTEMA | |
| Número de control de sistema | UPN01000211179 |
| 049 ## - COLECCIÓN | |
| Colección | ART |
| 100 1# - ASIENTO PRINCIPAL--NOMBRE PERSONAL | |
| Nombre de persona | Tirado Segura, Felipe |
| 100 1# - ASIENTO PRINCIPAL--NOMBRE PERSONAL | |
| Filiación | ftirado@unam.mx |
| 100 1# - ASIENTO PRINCIPAL--NOMBRE PERSONAL | |
| Nombre de persona | Backhoff Escudero, Eduardo, |
| Fechas asociadas al nombre | 1951- |
| 9 (RLIN) | 32005 |
| 100 1# - ASIENTO PRINCIPAL--NOMBRE PERSONAL | |
| Filiación | backhoff@inee.edu.mx |
| 100 1# - ASIENTO PRINCIPAL--NOMBRE PERSONAL | |
| Nombre de persona | Larrazolo Reyna, Norma |
| 100 1# - ASIENTO PRINCIPAL--NOMBRE PERSONAL | |
| Filiación | nlarrazolo@metrica.edu.mx |
| 222 #0 - TÍTULO CLAVE | |
| Título clave | PERFILES EDUCATIVOS |
| 245 00 - MENCIÓN DE TÍTULO | |
| Título | La revolución digital y la evaluación : |
| Resto del título | un nuevo paradigma |
| 260 ## - PUBLICACIÓN, DISTRIBUCIÓN, ETC. | |
| Lugar de publicación, distribución, etc. | México |
| 300 ## - DESCRIPCIÓN FÍSICA | |
| Extensión | 182-201 |
| 362 0# - FECHAS DE PUBLICACIÓN Y/O DESIGNACIÓN SECUENCIAL | |
| Fecha de publicación y/o designación secuencial | 2016 Volumen 38, número 152, abril-junio |
| 520 3# - NOTA DE RESUMEN, ETC. | |
| Sumario, etc. | La revolución digital ha dado lugar a una nueva era en la evaluación educativa a gran escala; ofrece posibilidades que hace una década eran impensables. Junto con los avances de las ciencias cognitivas y la psicometría fue posible lograr avances sustanciales, como la generación automática de reactivos. El propósito de este trabajo es presentar un nuevo paradigma de evaluación, basado en campos semánticos, que se vale de la tecnología digital. Este paradigma permite evaluar competencias cognitivas de mayor complejidad, a través de respuestas construidas o semi-construidas y de crédito parcial, superando así muchas de las limitaciones del formato tradicional de lápiz y papel y de opción múltiple. Se describen las características teóricas, conceptuales, técnicas y computacionales del Examen de Competencias Básicas (EXCOBA) y el Generador Automático de Exámenes (GenerEx), lo que permite generar ítems isomorfos y exámenes equivalentes |
| 653 0# - TERMINO DE INDIZACION - NO CONTROLADO | |
| Término no controlado | EVALUACION EDUCATIVA |
| 653 0# - TERMINO DE INDIZACION - NO CONTROLADO | |
| Término no controlado | CAMPOS SEMANTICOS |
| 653 0# - TERMINO DE INDIZACION - NO CONTROLADO | |
| Término no controlado | COMPETENCIAS COGNITIVAS |
| 653 0# - TERMINO DE INDIZACION - NO CONTROLADO | |
| Término no controlado | TECNOLOGIA DIGITAL |
| 653 0# - TERMINO DE INDIZACION - NO CONTROLADO | |
| Término no controlado | GENERADOR DE EXAMENES |
| 856 4# - LOCALIZACIÓN Y ACCESO ELECTRÓNICOS | |
| Identificador Uniforme del Recurso | <a href="http://www.redalyc.org/articulo.oa?id=13244824011">http://www.redalyc.org/articulo.oa?id=13244824011</a> |
| 905 ## - TIPO DE MATERIAL | |
| Tipo de material | Articulo |
No items available.
